000 00276nam a22001337a 4500
003 SGT
020 _a9780459270315
082 _a345.7
100 _aCARSWELL
245 _aPOCKET CRIMINAL CODE 2000
260 _aCANADA
_bCARSWELL
_c2000
300 _a1111
942 _2ddc
_cBK
999 _c28552
_d28552